| 000 | 00000nam 22000008i 4500 |
| 001 | 9.945385 |
| 003 | CaOODSP |
| 005 | 20241125164842 |
| 006 | m o d f |
| 007 | cr cn |||||||| |
| 008 | 241120t20242023onc a ob f000 0 eng d |
| 020 | |a9780660745947 |
| 040 | |aCaOODSP|beng|erda|cCaOODSP |
| 043 | |an-cn--- |
| 086 | 1 |aNR16-471/2024E-PDF |
| 100 | 1 |aYoo, Yeong, |eauthor. |
| 245 | 00|aData collection and analytics for hydrogen blending testing on end-use appliances and related controls / |cYeong Yoo, Aminul Islam, and Francois Girard. |
| 264 | 1|aOttawa : |bNational Research Council Canada = Conseil national de recherches Canada, |cAugust 2024. |
| 264 | 4|c©2023 |
| 300 | |a1 online resource (viii, 44 pages) : |bcharts, illustrations |
| 336 | |atext|btxt|2rdacontent |
| 337 | |acomputer|bc|2rdamedia |
| 338 | |aonline resource|bcr|2rdacarrier |
| 500 | |a"Report Number: CEI-56640." |
| 500 | |aAt head of title: Clean Energy Innovation. |
| 504 | |aIncludes bibliographical references (pages 42-44). |
| 520 | |a"This report summarizes the analysis on "Hydrogen Blending on End-use Appliances and Related Controls," aggregates findings without disclosing sensitive information, and includes recommendations for future research based on unbiased analytical results. This data was collected from various interested and affected parties participating in CSA Group's standardization activities. This work aims to enable the CSA applicable committees or associated members to develop detailed plans for further research"--page 1. |
| 650 | 0|aHydrogen as fuel|xResearch|zCanada. |
| 650 | 0|aClean energy|xResearch|zCanada. |
| 650 | 6|aHydrogène (Combustible)|xRecherche|zCanada. |
| 650 | 6|aÉnergies propres|xRecherche|zCanada. |
| 710 | 2 |aNational Research Council Canada, |eissuing body. |
| 856 | 40|qPDF|s3.16 MB|uhttps://publications.gc.ca/collections/collection_2024/cnrc-nrc/NR16-471-2024-eng.pdf |